000
00270nam a2200097Ia 4500
001
1229287
005
20250827093058.0
008
250824s9999 xx 000 0 und d
245
0
_a
YAŞANMIŞ HAYVAN ÖYKÜLERİ 1
_c
GÜLTEN DAYIOĞLU
260
_b
ALTIN KİTAPLAR YAYINLARI
999
_c
1229287
_d
1229287